Statistiken für Alle Elemente mit S

Klicken Sie hier um das Quiz zu spielen!

Allgemein

  • Dieses Quiz wurde 59 mal gespielt
  • Das Durchschnittsergebnis liegt bei 5 aus 10

Antwortstatistiken

HintAntwort% Korrekt
4Schwefel
92%
2Sauerstoff
62%
8Silicium
58%
6Selen
57%
7Silber
55%
9Stickstoff
51%
10Strontium
43%
3Scandium
36%
1Samarium
26%
5Seaborgium
26%

Verteilung der Resultate

Perzentil nach korrekt beantworteten Fragen

Anzahl Personen mit jedem Resultat

Ihre Resultats-Entwicklung

Sie haben dieses Quiz noch nicht gespielt